[Event "1er 0pen des Pays de Champagne - open A"]
[Site "Recy"]
[Date "2010.05.16"]
[Round "7.1"]
[White "Neuhauser, Salome"]
[Black "Barreaud, Samuel"]
[Result "1/2-1/2"]
[WhiteElo "2023"]
[BlackElo "1860"]
[PlyCount "54"]
[EventDate "2010.??.??"]

1. e4 c5 2. Nf3 d6 3. Bb5+ Bd7 4. Bxd7+ Qxd7 5. O-O g6 6. c3 Bg7 7. d4 cxd4 8.
cxd4 e6 9. Nc3 Ne7 10. Re1 O-O 11. Bg5 h6 12. Bf4 Na6 13. Qd2 Kh7 14. Rac1 d5
15. Ne5 Bxe5 16. Bxe5 f5 17. exd5 exd5 18. Re3 f4 19. Rd3 Nb4 20. Rh3 g5 21.
Qe2 Ng6 22. Qh5 Nh4 23. Ne4 Rac8 24. Rxc8 Qxc8 25. Nxg5+ Kg8 26. Rc3 Qf5 27.
Rc1 Qxg5 1/2-1/2

[Event "1er 0pen des Pays de Champagne - open A"]
[Site "Recy"]
[Date "2010.05.16"]
[Round "7.2"]
[White "Beranger, Nicolas"]
[Black "Mancini, Mario"]
[Result "0-1"]
[WhiteElo "2180"]
[BlackElo "2242"]
[PlyCount "48"]
[EventDate "2010.??.??"]

1. e4 c5 2. Nf3 e6 3. d4 cxd4 4. Nxd4 a6 5. c4 Nf6 6. Bd3 Nc6 7. Nc2 Ne5 8. Nc3
Qc7 9. Qe2 d6 10. O-O Be7 11. f4 Nxd3 12. Qxd3 O-O 13. b3 b6 14. Bb2 Bb7 15.
Rae1 Rfd8 16. Qg3 b5 17. e5 Ne8 18. Ne3 dxe5 19. fxe5 Rd2 20. Bc1 Rd3 21. Qf4
Bc5 22. Ne4 Rd4 23. Kh1 Rxe4 24. Qf2 Rxe5 0-1

[Event "1er 0pen des Pays de Champagne - open A"]
[Site "Recy"]
[Date "2010.05.16"]
[Round "7.3"]
[White "Defrance, Laurent"]
[Black "Rigolot, Lucie"]
[Result "1/2-1/2"]
[WhiteElo "2199"]
[BlackElo "1873"]
[PlyCount "39"]
[EventDate "2010.??.??"]

1. d4 d5 2. c4 e6 3. Nc3 c6 4. e3 Nf6 5. Nf3 Nbd7 6. Bd3 dxc4 7. Bxc4 b5 8. Be2
Bb7 9. O-O Be7 10. e4 b4 11. e5 bxc3 12. exf6 Bxf6 13. bxc3 c5 14. Qa4 O-O 15.
Ba3 Qc7 16. Rfd1 Rfc8 17. Rac1 Nb6 18. Qa5 Nd7 19. Qa4 Nb6 20. Qa5 1/2-1/2

[Event "1er 0pen des Pays de Champagne - open A"]
[Site "Recy"]
[Date "2010.05.16"]
[Round "7.4"]
[White "Delmont, Jean-Robert"]
[Black "Rouffignac, Tanguy"]
[Result "1/2-1/2"]
[WhiteElo "1974"]
[BlackElo "1897"]
[PlyCount "29"]
[EventDate "2010.??.??"]

1. d4 Nf6 2. c4 g6 3. Nc3 Bg7 4. e4 d6 5. f3 O-O 6. Be3 c5 7. Nge2 Nc6 8. Qd2
a6 9. Rd1 cxd4 10. Nxd4 Ne5 11. Be2 Bd7 12. O-O Rc8 13. b3 Kh8 14. g4 Ne8 15.
Nd5 1/2-1/2

[Event "1er 0pen des Pays de Champagne - open A"]
[Site "Recy"]
[Date "2010.05.16"]
[Round "7.5"]
[White "Guillart, Johan"]
[Black "Barat, Jacques"]
[Result "0-1"]
[WhiteElo "1810"]
[BlackElo "1810"]
[PlyCount "98"]
[EventDate "2010.??.??"]

1. e4 c5 2. Nf3 e6 3. d4 cxd4 4. Nxd4 a6 5. Nc3 Nc6 6. Nxc6 bxc6 7. Qd4 Nf6 8.
e5 Nd5 9. Nxd5 cxd5 10. Bd3 Be7 11. O-O Qc7 12. Qg4 Qxe5 13. Rd1 f5 14. Qh3 O-O
15. c3 Bb7 16. Be3 Qf6 17. f4 Qh4 18. Qxh4 Bxh4 19. Bc5 Rf7 20. Bd6 Be7 21. Be5
Bc5+ 22. Kf1 d6 23. Bd4 Rc7 24. Re1 Kf7 25. Rac1 Bxd4 26. cxd4 Rxc1 27. Rxc1
Rc8 28. Rc3 Rxc3 29. bxc3 a5 30. Kf2 h6 31. h4 Kf6 32. g3 Bc6 33. Ke3 e5 34.
Be2 e4 35. g4 fxg4 36. Bxg4 Bb5 37. h5 g5 38. hxg6 Kxg6 39. Be6 Bc6 40. c4 dxc4
41. Bxc4 d5 42. Be2 Kf5 43. Bh5 Bd7 44. a3 Be6 45. Be2 Bf7 46. Bb5 Be6 47. Bf1
h5 48. Be2 h4 49. Bf1 Kg4 0-1

[Event "1er 0pen des Pays de Champagne - open A"]
[Site "Recy"]
[Date "2010.05.16"]
[Round "7.6"]
[White "Zeroual, Mohamed"]
[Black "Digot, Jeremy"]
[Result "0-1"]
[WhiteElo "1945"]
[BlackElo "1610"]
[PlyCount "76"]
[EventDate "2010.??.??"]

1. Nf3 Nf6 2. c4 g6 3. g3 Bg7 4. Bg2 O-O 5. O-O c5 6. d3 d6 7. Nc3 Nc6 8. Bd2
Bd7 9. Rb1 a5 10. a3 e6 11. Bg5 h6 12. Bd2 d5 13. cxd5 exd5 14. Na4 b6 15. Qb3
Rb8 16. Bf4 Rb7 17. Nxc5 bxc5 18. Qxb7 Qe7 19. Rfe1 g5 20. Bc7 Rc8 21. e4 d4
22. e5 Ne8 23. Bd6 Nxd6 24. exd6 Qxd6 25. Nd2 Rb8 26. Qa6 Qc7 27. Nc4 Ne5 28.
Nxe5 Bb5 29. Nd7 Bxa6 30. Nxb8 Qxb8 31. Be4 Bb7 32. Rbc1 Bxe4 33. Rxe4 Qxb2 34.
Rxc5 Qb1+ 35. Kg2 Qxd3 36. Re8+ Kh7 37. Rxa5 Qc3 38. Ra7 Qc6+ 0-1

[Event "1er 0pen des Pays de Champagne - open A"]
[Site "Recy"]
[Date "2010.05.16"]
[Round "7.7"]
[White "Dhaynaut, Gilles"]
[Black "Parisot, Anthony"]
[Result "0-1"]
[WhiteElo "1730"]
[BlackElo "1657"]
[PlyCount "112"]
[EventDate "2010.??.??"]

1. c4 c6 2. Nc3 d5 3. cxd5 cxd5 4. d4 Nf6 5. Nf3 Nc6 6. g3 Bf5 7. Bg2 e6 8. Qa4
Bd6 9. Qb5 Qc7 10. Bg5 Nd7 11. O-O h6 12. Bd2 O-O 13. Rac1 Rac8 14. Nh4 a6 15.
Qa4 Bh7 16. e4 dxe4 17. Nxe4 Bxe4 18. Bxe4 Nf6 19. Bxc6 bxc6 20. Qxa6 Qd7 21.
a3 c5 22. dxc5 Bxc5 23. Qe2 Nd5 24. Qg4 Nf6 25. Qe2 Nd5 26. Rfd1 Be7 27. Ng2
Qb7 28. b4 Qa7 29. Ne3 Nb6 30. Ra1 Bf6 31. Ra2 Na4 32. Ng4 Bc3 33. Be3 Qa8 34.
Nxh6+ gxh6 35. Qg4+ Kh7 36. Qh5 Bg7 37. g4 Qe4 38. Re1 Qg6 39. Qxg6+ Kxg6 40.
Kg2 Rfd8 41. h4 h5 42. Kh3 hxg4+ 43. Kxg4 Rc4+ 44. f4 f5+ 45. Kf3 Rd3 46. Rg2+
Kh7 47. Reg1 Bd4 48. Re1 Rcc3 49. Rge2 Rxa3 50. Kf2 Bxe3+ 51. Rxe3 Rxe3 52.
Rxe3 Rxe3 53. Kxe3 Kh6 54. Kd4 Kh5 55. Ke5 Kxh4 56. Kxe6 Kg4 0-1

[Event "1er 0pen des Pays de Champagne - open A"]
[Site "Recy"]
[Date "2010.05.16"]
[Round "7.8"]
[White "Gaubert, Virginie"]
[Black "Petit, Christian-Marie"]
[Result "1-0"]
[WhiteElo "1664"]
[BlackElo "1790"]
[PlyCount "61"]
[EventDate "2010.??.??"]

1. c4 c5 2. Nf3 Nc6 3. d4 cxd4 4. Nxd4 g6 5. g3 Qa5+ 6. Nc3 Bg7 7. e3 Nf6 8.
Bg2 O-O 9. O-O a6 10. a3 e5 11. b4 Nxb4 12. Nb3 Qc7 13. axb4 Qxc4 14. Bb2 Qxb4
15. Ra4 Qb6 16. Ba3 d6 17. Rb4 Qc7 18. Nd5 Nxd5 19. Bxd5 Bh3 20. Rxb7 Qd8 21.
Bg2 Bxg2 22. Kxg2 Rb8 23. Rxb8 Qxb8 24. Bxd6 Qa8+ 25. Qf3 e4 26. Qe2 Rd8 27.
Bc5 a5 28. Bd4 Bf8 29. Ra1 a4 30. Qb5 a3 31. Qe5 1-0

[Event "1er 0pen des Pays de Champagne - open A"]
[Site "Recy"]
[Date "2010.05.16"]
[Round "7.9"]
[White "Louis, Andre"]
[Black "Magnier, Christophe"]
[Result "0-1"]
[WhiteElo "1838"]
[BlackElo "1780"]
[PlyCount "56"]
[EventDate "2010.??.??"]

1. e4 d5 2. exd5 Nf6 3. c4 c6 4. d4 cxd5 5. Nc3 Bf5 6. Nf3 Nc6 7. a3 Rc8 8. c5
a5 9. Bb5 Bd7 10. b4 axb4 11. Bxc6 bxc3 12. Bxd7+ Qxd7 13. O-O g6 14. Ne5 Qc7
15. Qa4+ Nd7 16. Bf4 g5 17. Bg3 f5 18. Ng6 f4 19. Bxf4 gxf4 20. Nxh8 Bg7 21.
Qc2 Bxh8 22. Qxh7 Bxd4 23. Qh5+ Kf8 24. Qxd5 Bxc5 25. Rfd1 Nf6 26. Qg5 Bxf2+
27. Kh1 c2 28. Qh6+ Kf7 0-1

[Event "1er 0pen des Pays de Champagne - open A"]
[Site "Recy"]
[Date "2010.05.16"]
[Round "7.10"]
[White "Vanderme, Yohann"]
[Black "Rouffignac, Marie"]
[Result "0-1"]
[WhiteElo "1470"]
[BlackElo "1575"]
[PlyCount "74"]
[EventDate "2010.??.??"]

1. c4 e6 2. Nc3 d5 3. cxd5 exd5 4. d4 Nf6 5. Bf4 Be7 6. Nf3 O-O 7. g3 b6 8. Bg2
Bb7 9. Rc1 Nbd7 10. O-O c5 11. Nb5 c4 12. Bc7 Qc8 13. Bd6 Bxd6 14. Nxd6 Qc6 15.
Nxb7 Qxb7 16. Nd2 b5 17. e4 dxe4 18. Re1 Rfe8 19. Qc2 Qd5 20. Nxe4 Qxd4 21.
Rcd1 Qb6 22. Rd6 Qc7 23. Nxf6+ Nxf6 24. Rxe8+ Rxe8 25. Qd2 h6 26. h4 Qe7 27.
Kf1 Ne4 28. Bxe4 Qxe4 29. Kg1 Qe1+ 30. Qxe1 Rxe1+ 31. Kg2 Re2 32. Ra6 Rxb2 33.
Rxa7 c3 34. a3 Ra2 35. Ra8+ Kh7 36. Kf3 b4 37. Rc8 b3 0-1

[Event "1er 0pen des Pays de Champagne - open A"]
[Site "Recy"]
[Date "2010.05.16"]
[Round "7.11"]
[White "Neuhauser, Luc"]
[Black "Rodier, Patrick"]
[Result "1/2-1/2"]
[WhiteElo "1408"]
[BlackElo "1430"]
[PlyCount "49"]
[EventDate "2010.??.??"]

1. c4 Nf6 2. Nf3 e6 3. g3 b6 4. Bg2 Bb7 5. O-O c5 6. Nc3 Be7 7. d4 cxd4 8. Nxd4
Bxg2 9. Kxg2 Nc6 10. Nxc6 dxc6 11. Qxd8+ Rxd8 12. Bf4 O-O 13. Rad1 Nh5 14. Bc1
h6 15. Ne4 f5 16. Nc3 Bf6 17. Rxd8 Rxd8 18. Rd1 g5 19. Rxd8+ Bxd8 20. b3 Kg7
21. Bb2 Kg6 22. Nb1 Bc7 23. Nd2 Bd6 24. Nf3 c5 25. Be5 1/2-1/2

[Event "1er 0pen des Pays de Champagne - open A"]
[Site "Recy"]
[Date "2010.05.16"]
[Round "7.12"]
[White "Michon, Guillaume"]
[Black "Bour, Alexandre"]
[Result "0-1"]
[WhiteElo "1499"]
[BlackElo "1140"]
[PlyCount "54"]
[EventDate "2010.??.??"]

1. e4 e5 2. Nf3 Nc6 3. Bc4 Nf6 4. d3 Bc5 5. O-O O-O 6. Be3 Bb6 7. Nc3 h6 8. d4
d6 9. Bd5 Be6 10. Bxc6 bxc6 11. dxe5 Ng4 12. Bxb6 axb6 13. exd6 cxd6 14. Nd4
Bd7 15. Nf5 Bxf5 16. exf5 Qh4 17. h3 Nf6 18. Qxd6 b5 19. Qxc6 b4 20. Nd5 Kh8
21. Nxf6 gxf6 22. a3 Rg8 23. axb4 Rac8 24. Qa4 Qxh3 25. g3 Rxg3+ 26. fxg3 Qxg3+
27. Kh1 Rg8 0-1

[Event "1er 0pen des Pays de Champagne - open A"]
[Site "Recy"]
[Date "2010.05.13"]
[Round "1.11"]
[White "Bour, Alexandre"]
[Black "Barat, Jacques"]
[Result "0-1"]
[WhiteElo "1140"]
[BlackElo "1810"]
[PlyCount "46"]
[EventDate "2010.??.??"]

1. e4 c5 2. Nf3 e6 3. d4 cxd4 4. Nxd4 Nf6 5. Nc3 a6 6. Bg5 d6 7. Bc4 Be7 8.
Bxf6 Bxf6 9. Nf3 Qc7 10. Qd3 Nc6 11. Bb3 O-O 12. Qe3 b5 13. Qf4 Bb7 14. g4 Ne5
15. Rg1 Qc5 16. g5 Nxf3+ 17. Qxf3 Bxg5 18. Qg3 Bf6 19. Ne2 Bxe4 20. Rd1 Rad8
21. Nf4 Qe5 22. Qg4 Bf3+ 23. Kd2 Bxg4 0-1

[Event "1er 0pen des Pays de Champagne - open A"]
[Site "Recy"]
[Date "2010.05.13"]
[Round "2.11"]
[White "Parisot, Anthony"]
[Black "Bour, Alexandre"]
[Result "1-0"]
[WhiteElo "1657"]
[BlackElo "1140"]
[PlyCount "47"]
[EventDate "2010.??.??"]

1. Nf3 Nc6 2. d4 d5 3. c4 e6 4. Nc3 Nf6 5. Bg5 Be7 6. e3 h6 7. Bxf6 Bxf6 8.
cxd5 Na5 9. Bb5+ Bd7 10. dxe6 fxe6 11. O-O Rf8 12. Rc1 Qe7 13. Qc2 Qd6 14. Ne4
Qd5 15. Bxd7+ Qxd7 16. Nxf6+ Rxf6 17. Qxc7 Qxc7 18. Rxc7 Rg6 19. Ne5 Rg5 20. f4
Rh5 21. Rxg7 Kf8 22. Rc7 b6 23. g4 Rh4 24. Ng6+ 1-0

[Event "1er 0pen des Pays de Champagne - open A"]
[Site "Recy"]
[Date "2010.05.14"]
[Round "3.5"]
[White "Rigolot, Lucie"]
[Black "Fourcart, Marc"]
[Result "1-0"]
[WhiteElo "1873"]
[BlackElo "1706"]
[PlyCount "57"]
[EventDate "2010.??.??"]

1. e4 c5 2. Nf3 d6 3. d4 cxd4 4. Nxd4 Nf6 5. Nc3 g6 6. Be3 Bg7 7. f3 O-O 8. Qd2
Nc6 9. g4 Bd7 10. O-O-O Qa5 11. h4 Ne5 12. Bh6 Rfc8 13. Bxg7 Kxg7 14. h5 Nexg4
15. fxg4 Bxg4 16. hxg6 fxg6 (16... Bxd1 17. Qh6+ Kg8 18. Nf5 $18) 17. Re1 Bh5
18. Bh3 Bg4 19. Bxg4 Nxg4 20. Reg1 h5 21. Rxg4 hxg4 22. Qh6+ Kf7 23. Rf1+ Ke8
24. Qxg6+ Kd7 25. Qe6+ Kc7 26. Qxe7+ Kb8 27. Ndb5 Qb6 28. Nd5 Rxc2+ 29. Kxc2
1-0

[Event "1er 0pen des Pays de Champagne - open A"]
[Site "Recy"]
[Date "2010.05.14"]
[Round "3.11"]
[White "Michon, Guillaume"]
[Black "Digot, Jeremy"]
[Result "0-1"]
[WhiteElo "1499"]
[BlackElo "1610"]
[PlyCount "68"]
[EventDate "2010.??.??"]

1. e4 e6 2. d4 d5 3. e5 c5 4. c3 Nc6 5. Nf3 Qb6 6. Bd3 Bd7 7. Bc2 Rc8 8. O-O
cxd4 9. cxd4 Nb4 10. Nc3 Nxc2 11. Qxc2 Bb4 12. Rb1 Qa6 13. Qe2 Qxe2 14. Nxe2
Bb5 15. Nc3 Bxf1 16. Kxf1 Bxc3 17. bxc3 Rxc3 18. Bd2 Rc7 19. Bb4 Ne7 20. Bd6
Rd7 21. Nh4 O-O 22. f4 f6 23. g4 fxe5 24. dxe5 Rxf4+ 25. Ke2 Rxg4 26. Nf3 Rg2+
27. Kf1 Rxa2 28. Nd4 Rxh2 29. Kg1 Rh6 30. Rf1 Rg6+ 31. Kh2 Rh6+ 32. Kg3 g6 33.
Rf6 Nf5+ 34. Kf2 Nxd4 0-1

[Event "1er 0pen des Pays de Champagne - open A"]
[Site "Recy"]
[Date "2010.05.14"]
[Round "3.12"]
[White "Bour, Alexandre"]
[Black "Rouffignac, Marie"]
[Result "1-0"]
[WhiteElo "1140"]
[BlackElo "1575"]
[PlyCount "73"]
[EventDate "2010.??.??"]

1. e4 e5 2. Nf3 Nc6 3. Bc4 Bc5 4. Nc3 d6 5. h3 Be6 6. Bb3 Qd7 7. d3 Nf6 8. Be3
Bb6 9. Qd2 Nd4 10. Ba4 Nxf3+ 11. gxf3 c6 12. O-O-O Bxe3 13. Qxe3 Bxh3 14. Rhg1
Rg8 15. d4 Qe7 16. f4 b5 17. Bb3 a5 18. a4 b4 19. dxe5 dxe5 20. Rg5 exf4 21.
Qxh3 bxc3 22. Rxa5 cxb2+ 23. Kb1 Rd8 24. Rxd8+ Qxd8 25. Re5+ Kf8 26. Rc5 Qd1+
27. Kxb2 Qd4+ 28. Rc3 Ke7 29. Qd3 Qxc3+ 30. Qxc3 Rc8 31. Qc5+ Ke8 32. Qd6 f3
33. Qe5+ Kf8 34. Qd4 c5 35. Qc4 Rc7 36. e5 Nd7 37. Qxf7# 1-0

[Event "1er 0pen des Pays de Champagne - open A"]
[Site "Recy"]
[Date "2010.05.14"]
[Round "4.9"]
[White "Rodier, Patrick"]
[Black "Digot, Jeremy"]
[Result "0-1"]
[WhiteElo "1430"]
[BlackElo "1610"]
[PlyCount "82"]
[EventDate "2010.??.??"]

1. e4 e6 2. g3 d5 3. exd5 Qxd5 4. Qf3 Qe5+ 5. Qe3 Qd5 6. Qf3 Qc5 7. Nc3 Bd7 8.
Bd3 Nf6 9. Qe2 Nc6 10. Nf3 O-O-O 11. a3 Re8 12. b4 Qh5 13. Ne4 Nxe4 14. Qxe4 e5
15. Be2 Bf5 16. Qc4 Qg6 17. Nh4 Qf6 18. Nxf5 b5 19. Qxb5 e4 20. c3 Re5 21. Qa6+
Kd8 22. Ne3 Re6 23. Bg4 Nxb4 24. Qb7 Nd3+ 25. Kd1 Nxf2+ 26. Kc2 Nxg4 27. Nd5
Qe5 28. Qb8+ Kd7 29. Qb5+ Kc8 30. Rb1 e3 31. Qb8+ Kd7 32. Qb5+ Rc6 33. Rf1 Qe4+
34. d3 Qg2+ 35. Bd2 Qxd2+ 36. Kb3 Nf2 37. Nxe3 Qxd3 38. Qxd3+ Nxd3 39. Rxf7+
Ke6 40. Rff1 Rb6+ 41. Kc4 Ne5+ 0-1

[Event "1er 0pen des Pays de Champagne - open A"]
[Site "Recy"]
[Date "2010.05.14"]
[Round "4.10"]
[White "Vanderme, Yohann"]
[Black "Bour, Alexandre"]
[Result "1-0"]
[WhiteElo "1470"]
[BlackElo "1140"]
[PlyCount "57"]
[EventDate "2010.??.??"]

1. c4 d5 2. cxd5 Qxd5 3. Nc3 Qa5 4. g3 Nf6 5. Bg2 e5 6. d3 Nc6 7. Bd2 Qc5 8.
Rc1 Be7 9. Nd5 Qd6 10. Nxe7 Qxe7 11. Rxc6 bxc6 12. Bxc6+ Bd7 13. Bxa8 O-O 14.
Bg2 e4 15. Bg5 Qe6 16. Bxf6 Qxf6 17. Nh3 Re8 18. O-O Qh6 19. Nf4 g5 20. dxe4
Bc8 21. Nd5 Re5 22. f4 gxf4 23. Rxf4 Rh5 24. Nf6+ Kg7 25. Qd8 Bf5 26. e5 Kg6
27. Nxh5 Kxh5 28. Rh4+ Kg6 29. Qf6# 1-0

[Event "1er 0pen des Pays de Champagne - open A"]
[Site "Recy"]
[Date "2010.05.14"]
[Round "4.11"]
[White "Neuhauser, Luc"]
[Black "Dhaynaut, Gilles"]
[Result "0-1"]
[WhiteElo "1408"]
[BlackElo "1730"]
[PlyCount "88"]
[EventDate "2010.??.??"]

1. c4 c5 2. Nf3 Nc6 3. e3 e5 4. Nc3 f5 5. d3 Nf6 6. g3 Be7 7. Bg2 O-O 8. O-O d6
9. b3 Qe8 10. Bb2 Qh5 11. Nd2 Qg6 12. Nd5 Nxd5 13. Bxd5+ Be6 14. Bg2 Bf6 15.
Nf3 e4 16. Nh4 Bxh4 17. gxh4 f4 18. Kh1 f3 19. Rg1 Rf7 20. Bxf3 Qh6 21. Bxe4
Qxh4 22. f3 Qf2 23. Rxg7+ Rxg7 24. Bxg7 Kxg7 25. Qg1+ Qxg1+ 26. Rxg1+ Kh6 27.
a3 Rg8 28. Rxg8 Bxg8 29. Bxc6 bxc6 30. Kg2 Kg5 31. Kg3 Bf7 32. h4+ Kf5 33. a4
a5 34. e4+ Ke5 35. f4+ Kd4 36. f5 Kxd3 37. Kf4 Kc3 38. e5 dxe5+ 39. Kxe5 Kxb3
40. Kf6 Bxc4 41. Kg7 Bd5 42. f6 c4 43. f7 Bxf7 44. Kxf7 c3 0-1

[Event "1er 0pen des Pays de Champagne - open A"]
[Site "Recy"]
[Date "2010.05.14"]
[Round "4.12"]
[White "Rouffignac, Marie"]
[Black "Michon, Guillaume"]
[Result "1-0"]
[WhiteElo "1575"]
[BlackElo "1499"]
[PlyCount "79"]
[EventDate "2010.??.??"]

1. e4 c6 2. d4 d5 3. Nc3 Nf6 4. e5 Ne4 5. Bd3 Bf5 6. Qf3 e6 7. Nge2 Bb4 8. O-O
Bxc3 9. Nxc3 Ng5 10. Bxg5 Qxg5 11. Bxf5 Qxf5 12. Qxf5 exf5 13. Rfe1 O-O 14. Re3
Re8 15. Rae1 Nd7 16. Kf1 f4 17. Rf3 g5 18. h4 h6 19. hxg5 hxg5 20. g3 fxg3 21.
Rxg3 f6 22. exf6 Rxe1+ 23. Kxe1 Re8+ 24. Kd2 Nxf6 25. Rxg5+ Kf7 26. f3 Rh8 27.
Rg2 Ke6 28. Ke3 Kf5 29. Ne2 Re8+ 30. Kd3 Nh5 31. Ng3+ Nxg3 32. Rxg3 Kf4 33. Rg7
Re3+ 34. Kd2 Rxf3 35. Rxb7 Rf2+ 36. Kc3 Rf3+ 37. Kb4 Rf2 38. Rf7+ Ke3 39. Rxf2
Kxf2 40. Kc5 1-0

[Event "1er 0pen des Pays de Champagne - open A"]
[Site "Recy"]
[Date "2010.05.15"]
[Round "5.11"]
[White "Bour, Alexandre"]
[Black "Rodier, Patrick"]
[Result "0-1"]
[WhiteElo "1140"]
[BlackElo "1430"]
[PlyCount "68"]
[EventDate "2010.??.??"]

1. e4 d6 2. d4 Nf6 3. Nc3 g6 4. e5 dxe5 5. dxe5 Qxd1+ 6. Nxd1 Nd5 7. Bc4 e6 8.
Nf3 Bg7 9. O-O O-O 10. Ne3 c6 11. Bd2 b5 12. Bb3 Bb7 13. c4 bxc4 14. Nxc4 Rd8
15. Rad1 Na6 16. Nd6 Nc5 17. Nxb7 Nxb7 18. Bg5 Rdc8 19. a4 Nc5 20. Bc2 h6 21.
Bf6 Nxf6 22. exf6 Bxf6 23. h4 Bxb2 24. g4 a5 25. Nd2 Rab8 26. f4 Rb4 27. Rb1
Bd4+ 28. Kg2 Rcb8 29. Ne4 Rxb1 30. Bxb1 Rb2+ 31. Kf3 Nxa4 32. Rc1 Rb3+ 33. Ke2
Rh3 34. Nc5 Nxc5 0-1

[Event "1er 0pen des Pays de Champagne - open A"]
[Site "Recy"]
[Date "2010.05.15"]
[Round "5.12"]
[White "Michon, Guillaume"]
[Black "Neuhauser, Luc"]
[Result "1-0"]
[WhiteElo "1499"]
[BlackElo "1408"]
[PlyCount "71"]
[EventDate "2010.??.??"]

1. e4 c5 2. Nf3 Nc6 3. d4 cxd4 4. Nxd4 d6 5. c4 Nf6 6. Nc3 g6 7. Be3 Ng4 8. Be2
Nxe3 9. fxe3 Bg7 10. O-O O-O 11. Rb1 Ne5 12. Nd5 Nd7 13. Nf3 Nc5 14. Ng5 h6 15.
Nh3 Bxh3 16. gxh3 Nxe4 17. Bf3 f5 18. Bxe4 fxe4 19. Qg4 Rxf1+ 20. Rxf1 Kh7 21.
Rf7 Qa5 22. b4 Qxa2 23. Nxe7 Qb1+ 24. Kg2 g5 25. Qf5+ Kh8 26. Ng6+ Kg8 27. Ne7+
Kh8 28. Ng6+ Kg8 29. Ne7+ Kh8 30. Qg6 Qb2+ 31. Kg3 Be5+ 32. Kg4 Qg2+ 33. Kf5
Qxh3+ 34. Kxe4 Qg4+ 35. Kd5 Qf3+ 36. Rxf3 1-0

[Event "1er 0pen des Pays de Champagne - open A"]
[Site "Recy"]
[Date "2010.05.15"]
[Round "6.10"]
[White "Magnier, Christophe"]
[Black "Bour, Alexandre"]
[Result "1-0"]
[WhiteElo "1780"]
[BlackElo "1140"]
[PlyCount "57"]
[EventDate "2010.??.??"]

1. e4 e5 2. Nf3 Nc6 3. d4 exd4 4. Bc4 Bc5 5. c3 d6 6. cxd4 Bb4+ 7. Nc3 Bg4 8.
Be3 Na5 9. Qa4+ Nc6 10. d5 Bxc3+ 11. bxc3 a6 12. dxc6 b5 13. Bxb5 axb5 14. Qxb5
Rb8 15. Qd3 Qf6 16. Bd4 Qg6 17. O-O Ne7 18. Nh4 Qh5 19. f3 Qxh4 20. fxg4 Qxg4
21. Qc4 f6 22. Rab1 Rxb1 23. Rxb1 h5 24. Rb8+ Nc8 25. Rxc8+ Ke7 26. Rxc7+ Kd8
27. Rd7+ Kc8 28. Qa6+ Kb8 29. Qb7# 1-0

[Event "1er 0pen des Pays de Champagne - open A"]
[Site "Recy"]
[Date "2010.05.15"]
[Round "6.11"]
[White "Vanderme, Yohann"]
[Black "Michon, Guillaume"]
[Result "1-0"]
[WhiteElo "1470"]
[BlackElo "1499"]
[PlyCount "61"]
[EventDate "2010.??.??"]

1. c4 e5 2. Nc3 Nf6 3. g3 c6 4. Nf3 Qc7 5. Bg2 d5 6. cxd5 cxd5 7. d4 e4 8. Ne5
Nc6 9. Bf4 Bd6 10. Rc1 Nxe5 11. dxe5 Bxe5 12. Nxd5 Qa5+ 13. b4 Qb5 14. Rc5 Bc3+
15. Bd2 Bxd2+ 16. Qxd2 Qd7 17. Nc7+ Ke7 18. Re5+ Kd8 19. Nxa8 Re8 20. Rxe8+
Kxe8 21. Qxd7+ Kxd7 22. Kd2 b6 23. Bh3+ Kd8 24. Bxc8 Kxc8 25. Rc1+ Kb7 26. Nc7
Ng4 27. b5 f5 28. Na6 Nxf2 29. Rc7+ Ka8 30. Rc8+ Kb7 31. Rb8# 1-0

[Event "1er 0pen des Pays de Champagne - open A"]
[Site "Recy"]
[Date "2010.05.15"]
[Round "6.12"]
[White "Rouffignac, Marie"]
[Black "Neuhauser, Luc"]
[Result "1/2-1/2"]
[WhiteElo "1575"]
[BlackElo "1408"]
[PlyCount "73"]
[EventDate "2010.??.??"]

1. e4 c5 2. Nf3 Nc6 3. d4 cxd4 4. Nxd4 d6 5. Nc3 Nf6 6. Be3 Ng4 7. Qe2 Nxe3 8.
Qxe3 g6 9. O-O-O Bg7 10. Bc4 Nxd4 11. Rxd4 Bxd4 12. Qxd4 O-O 13. f3 Qb6 14. Qd3
Be6 15. Bxe6 fxe6 16. g4 Qf2 17. Qc4 Qxf3 18. Qxe6+ Rf7 19. Rd1 Kg7 20. Nd5 Re8
21. e5 dxe5 22. Qxe5+ Kg8 23. g5 Qf2 24. Nf6+ Rxf6 25. gxf6 Qxf6 26. Qxf6 exf6
27. Rd7 f5 28. Rxb7 f4 29. Rb3 Kf7 30. Kd2 Kf6 31. Rf3 g5 32. Rf2 Kf5 33. Re2
Rd8+ 34. Ke1 a5 35. Rd2 Re8+ 36. Re2 Rd8 37. Rd2 1/2-1/2